[Event "SRB-chT2 Vojvodina League"]
[Site "Kac"]
[Date "2012.10.19"]
[Round "8"]
[White "Blagojevic, Srdjan"]
[Black "Mastrapovic, Vladimir"]
[Result "0-1"]
[WhiteElo "2148"]
[BlackElo "2284"]
[PlyCount "52"]
[EventDate "2012.10.14"]
[EventType "team-swiss"]
[EventRounds "11"]
[EventCountry "SRB"]
[SourceTitle "EXT 2015"]
[Source "ChessBase"]
[SourceDate "2014.11.20"]
[SourceVersion "1"]
[SourceVersionDate "2014.11.20"]
[SourceQuality "1"]

1. d4 Nf6 2. Nc3 d5 3. Bg5 e6 4. e4 dxe4 5. Nxe4 Be7 6. Bxf6 gxf6 7. Nf3 a6 8. Qd2 f5 9. Nc3 b5 10. 0-0-0 Bb7 11. Kb1 c5 12. Qf4 Qd6 13. Qh6 Nd7 14. dxc5 Qxc5 15. Rxd7 Kxd7 16. Qg7 Raf8 17. Ne5+ Kc7 18. Nxf7 Rhg8 19. Qxh7 Kb8 20. f4 Qf2 21. Bd3 Qxg2 22. Rd1 Rg7 23. Qh6 Rgxf7 24. Qxe6 Qc6 25. Qe5+ Bd6 26. Qd4 Qc5 0-1

[Event "SRB-chT2 Vojvodina League"]
[Site "Kac"]
[Date "2012.10.16"]
[Round "4"]
[White "Blagojevic, Srdjan"]
[Black "Desnica, Vladan"]
[Result "1-0"]
[WhiteElo "2148"]
[BlackElo "2236"]
[PlyCount "133"]
[EventDate "2012.10.14"]
[EventType "team-swiss"]
[EventRounds "11"]
[EventCountry "SRB"]
[SourceTitle "EXT 2015"]
[Source "ChessBase"]
[SourceDate "2014.11.20"]
[SourceVersion "1"]
[SourceVersionDate "2014.11.20"]
[SourceQuality "1"]

1. d4 Nf6 2. Nc3 d5 3. Bg5 Nbd7 4. Qd3 h6 5. Bh4 e6 6. f3 c5 7. e4 cxd4 8. Qxd4 Bc5 9. Qa4 Bxg1 10. Rxg1 Qb6 11. Bf2 Qxb2 12. Bd4 Qxa1+ 13. Kd2 0-0 14. Nxd5 Qxd4+ 15. Qxd4 exd5 16. exd5 Nb6 17. c4 Be6 18. Ke1 Rfd8 19. g4 Nfxd5 20. cxd5 Rxd5 21. Qb2 Rad8 22. Be2 Bd7 23. Kf2 Bc6 24. Rc1 R8d7 25. Qa3 a5 26. Qe3 Na4 27. Rxc6 bxc6 28. Qe8+ Kh7 29. Qe4+ g6 30. Qxa4 Rc5 31. Qb3 Kg7 32. Bc4 Rd2+ 33. Kg3 Rd7 34. h4 h5 35. g5 Rf5 36. Bd3 Rfd5 37. Be4 Rd1 38. Qc3+ Kg8 39. Qxc6 R7d2 40. Qe8+ Kg7 41. Qe5+ Kg8 42. Qxa5 Rg1+ 43. Kf4 Rgg2 44. a4 Rh2 45. Ke5 Kg7 46. Qc3 Rd1 47. Kf4+ Kg8 48. a5 Rxh4+ 49. Ke5 Rh2 50. Bxg6 Re2+ 51. Be4 h4 52. Qc8+ Kg7 53. Qf5 Ra2 54. Qf6+ Kg8 55. g6 Rxa5+ 56. Kf4 Rd7 57. g7 Rh5 58. Kg4 Ra5 59. Qh6 f5+ 60. Kxh4 Rxg7 61. Qe6+ Rf7 62. Bd5 Rxd5 63. Qxd5 Kg7 64. Kg5 f4 65. Qe5+ Kg8 66. Kg6 Kf8 67. Qb8+ 1-0

[Event "SRB-chT2 Vojvodina League"]
[Site "Kac"]
[Date "2012.10.14"]
[Round "1"]
[White "Ratkovic, Miloje"]
[Black "Blagojevic, Srdjan"]
[Result "1-0"]
[WhiteElo "2202"]
[BlackElo "2148"]
[PlyCount "109"]
[EventDate "2012.10.14"]
[EventType "team-swiss"]
[EventRounds "11"]
[EventCountry "SRB"]
[SourceTitle "EXT 2015"]
[Source "ChessBase"]
[SourceDate "2014.11.20"]
[SourceVersion "1"]
[SourceVersionDate "2014.11.20"]
[SourceQuality "1"]

1. d4 b5 2. e4 Bb7 3. Nd2 a6 4. Ngf3 e6 5. Bd3 c5 6. c3 Nf6 7. 0-0 Qb6 8. Qe2 cxd4 9. Nxd4 Nc6 10. N2f3 Bc5 11. Nb3 Be7 12. Be3 Qc7 13. h3 d5 14. exd5 Nxd5 15. Be4 Nf6 16. Nfd2 Nxe4 17. Nxe4 0-0 18. Nbc5 Bc8 19. b4 e5 20. a4 bxa4 21. Nxa4 f5 22. Bb6 Qd7 23. Nec5 Qd5 24. Rfd1 Qf7 25. Nd7 Bxd7 26. Rxd7 Qe6 27. Qa2 Qxa2 28. Rxa2 Bf6 29. Bc5 Rfd8 30. Nb6 Rxd7 31. Nxd7 a5 32. b5 Nd8 33. Bb6 Nb7 34. c4 Nd6 35. Bc7 Nxc4 36. b6 Nxb6 37. Nxb6 Ra7 38. Nd5 a4 39. Bd6 Bd8 40. Nc3 e4 41. Rxa4 Rd7 42. Be5 Kf7 43. Ra6 Be7 44. Rc6 Rd2 45. g3 Rd3 46. Ne2 g6 47. h4 Rd5 48. Bf4 Bf6 49. Rc7+ Kg8 50. Kg2 Rb5 51. Nc3 Rb2 52. Nd5 Bd4 53. Be3 Be5 54. Re7 Bg7 55. Rxg7+ 1-0

[Event "DDS League and op 12th"]
[Site "Tuzla"]
[Date "2006.09.16"]
[Round "2"]
[White "Blagojevic, Srdjan"]
[Black "Tomic, Bosko"]
[Result "0-1"]
[WhiteElo "2132"]
[BlackElo "2341"]
[PlyCount "46"]
[EventDate "2006.09.15"]
[EventType "team"]
[EventRounds "9"]
[EventCountry "BIH"]
[SourceTitle "CBM 114 Extra"]
[Source "ChessBase"]
[SourceDate "2006.11.03"]
[SourceVersion "1"]
[SourceVersionDate "2006.11.03"]
[SourceQuality "1"]

1. e4 c5 2. Nf3 e6 3. d4 cxd4 4. Nxd4 a6 5. Bd3 Qc7 6. 0-0 Nf6 7. Qe2 d6 8. Nc3 b5 9. Bg5 Be7 10. a4 b4 11. Na2 Bb7 12. f3 Nbd7 13. Qf2 d5 14. exd5 Bxd5 15. Kh1 0-0 16. c4 Bb7 17. Qh4 Rfd8 18. Bxh7+ Kf8 19. Rae1 Nc5 20. Bb1 Ng8 21. Bxe7+ Qxe7 22. Qh8 Rxd4 23. Bh7 Qf6 0-1